|
|
|
|
| LEADER |
000000am a2200000 a 4500 |
| 001 |
72918a |
| 005 |
20240117084706.0 |
| 008 |
000000|1971 ||||||||r|||||||||||spa|| |
| 040 |
|
|
|b spa
|
| 082 |
0 |
|
|a 539
|
| 100 |
1 |
|
|a Rojo Asenjo, OnofreMclntosh, Harold V.
|9 35874
|
| 245 |
1 |
1 |
|a Física cuántica
|c Onofre Rojo Asenjo, Harold v. Mclntosh
|h imp
|
| 264 |
|
|
|a Washington
|b O. E. A.
|c 1971
|
| 300 |
|
|
|a 52 páginas:
|b ilus.
|
| 650 |
1 |
4 |
|a Física cuántica
|9 34937
|
| 852 |
|
|
|a UC-CDJBV
|c ESTANTERIA CERRADA
|f Compra
|k abcd
|l 1
|m General
|p 00000000
|r 2
|t 72918a
|b 0
|d CDRC
|e CDRC
|g 539 ESTANTERIA CERRADA
|z 0000-00-00
|
| 942 |
|
|
|c BK
|
| 999 |
|
|
|c 18924
|d 18924
|